01070nam a22002657a 45000010005000000030006000050050017000110080041000280200018000690400029000870500018001160820008001341000016001422450074001582600055002323000060002874900034003475050008003815200263003895210029006525210020006816500035007016500030007367000038007668345FISKH20250909163737.0250909b cb ||||| |||| 00| 0 eng d a9781416984467 aFISKHbengcFISKHdFISKH aPZ7.P269367 H a331 aPass, Erica aHooray for dads! /cby Erica Pass : illustrated by The Artifact Group aNew York : bSimon Spotlight/ Nickelodeon ,c2007. a24 unnumbered pages : bcolor illustrations ;c20 cm .  aSpongeBob SquarePants 8x8v14 aJ  aJuvenile Fiction. Juvenile Literature. Humor (Fiction.) HTML:What's more important than spending time with Dad at the Annual Dad and Kid Games Day? SpongeBob SquarePants doesn't think anything is-until he believes the grand prize is a gold-plated spatula! .8 a460 bLexile estimate 8 aJ bRaz-Plus  aSpongebob SquarepantsvFiction aFathers and sonsvFiction aThe Artinfact GroupeIllustrator